Unqualified , untrained and unemployed: report (Record no. 495899)

000 -LEADER
fixed length control field 00356cam a22001097a 4500
008 - FIXED-LENGTH DATA ELEMENTS--GENERAL INFORMATION
fixed length control field 180718b1974 xxu||||| |||| 00| 0 eng d
082 ## - DEWEY DECIMAL CLASSIFICATION NUMBER
Classification number R175x42 Un3u
245 ## - TITLE STATEMENT
Title Unqualified , untrained and unemployed: report
Statement of responsibility, etc. by Deparment of Employment
260 ## - PUBLICATION, DISTRIBUTION, ETC.
Place of publication, distribution, etc. London
Name of publisher, distributor, etc. Her Majesty's Stationery Office
Date of publication, distribution, etc. 1974
300 ## - PHYSICAL DESCRIPTION
Extent 89p
700 ## - ADDED ENTRY--PERSONAL NAME
Personal name U.K. Deparment of Employment
Holdings
Withdrawn status Lost status Damaged status Not for loan Permanent Location Current Location Date acquired Full call number Barcode Date last seen Price effective from Koha item type
        Indian Institute of Public Administration Indian Institute of Public Administration 2018-08-04 R175x42 Un3u G12812 2018-08-04 2018-08-04 G

Powered by Koha